|
|
|
|
| LEADER |
00000nab a2200000 a 4500 |
| 001 |
vtls011122732 |
| 003 |
SK-MaSNL |
| 005 |
20260303151206.0 |
| 008 |
230222|2013 xo |||||||||||||||||eng| |
| 015 |
|
|
|a SNBRB
|
| 035 |
|
|
|a (uuid)45b20830-33a5-4c7f-adf9-10d14c0d59ad
|
| 035 |
|
|
|a (urnnbn)urn:nbn:sk:snk:ar-a08x6y
|
| 035 |
|
|
|a urn:nbn:sk:snk-ab9upl
|
| 040 |
|
|
|a SNKBUCL
|b slo
|c SNKBUCL
|e AACR2
|
| 041 |
0 |
|
|a eng
|
| 044 |
|
|
|a xo
|c SK
|
| 100 |
1 |
|
|a Brezinová, Janette,
|d 1968-
|4 aut
|9 114375
|
| 245 |
1 |
0 |
|a QUALITY OF WELD CLADS APPLIED BY SAW METHOD IN ADHESIVE WEAR CONDITIONS
|c Janette Brezinová, Anna Guzanová, Peter Balog
|
| 700 |
1 |
|
|a Guzanová, Anna,
|d 1974-
|4 aut
|9 196059
|
| 700 |
1 |
|
|a Balog, Peter
|4 aut
|9 766379
|
| 773 |
0 |
|
|t Materiálové inžinierstvo
|g Roč. 20, č. 1 (2013), s. 12-21
|
| 958 |
|
|
|a OND
|
| 958 |
|
|
|a EUIPO
|
| 958 |
|
|
|a article13
|
| 999 |
|
|
|c 2016558
|d 2018488
|